00885cam a22002411 4500001000500000005001700005020001500022040002300037050001600060082001500076100001800091245007300109250001800182260004700200300004500247500003800292505000800330520021100338521002400549521002000573650002000593700003000613247720260319110858.0 a0590416227 aDLCcDLCdDLCbeng00aPZ8.1.M834600a398.2709511 aMosel, Arlene10aTikki Tikki Tembocretold by Arlene Mosel. Illustrated by Blair Lent aFirst edition aNew YorkbHolt, Rinehart and Winstonc1968 a45 pages :bcolor illustrations ;c24 cm aAdaptation of a Chinese folktale. aZ  aWhen the eldest son fell in the well and most of the time getting help was spent pronouncing the name of the one in trouble, the Chinese, according to legend, decided to give all their children short names. a910 AD bLexile  aZ bRaz-Plus  1aFolklorezChina1 aLent, Blaireillustrator